书目信息 |
| 题名: |
罗音室学术论著
|
|
| 作者: | 吴世昌 著 | |
| 分册: | 第一卷 | |
| 出版信息: | 北京 中国文艺联合出版公司 1984 |
|
| 页数: | 566页 | |
| 开本: | 20cm | |
| 丛书名: | ||
| 单 册: | ||
| 中图分类: | Z429.6 | |
| 科图分类: | ||
| 主题词: | 文史--研究--中国--文集 , 文学研究--中国--文集 , 文集--中国 , 全集--中国 , 选集--中国 | |
| 电子资源: | ||
| ISBN: | ||
| 000 | 00844nam0 2200301 45 | |
| 001 | 0184001463 | |
| 005 | 20040513110329.7 | |
| 010 | @b精装@dCNY5.20 | |
| 091 | @a10313.188 | |
| 100 | @a19951012d1984 em y0chiy0121 ea | |
| 101 | 0 | @achi |
| 102 | @aCN@b110000 | |
| 105 | @ay z 000yy | |
| 106 | @ar | |
| 200 | 10 | @a罗音室学术论著@h第一卷@Aluo yin shi xue shu lun zhu@f吴世昌著@e文史杂著@EWen Shi Za Zhu |
| 210 | @a北京@c中国文艺联合出版公司@d1984 | |
| 215 | @a566页@d20cm | |
| 517 | @a文史杂著@AWen Shi Za Zhu | |
| 606 | @a文史@x研究@y中国@x文集 | |
| 606 | @a文学研究@y中国@x文集 | |
| 606 | 0 | @a文集@x中国 |
| 606 | 0 | @a全集@x中国 |
| 606 | 0 | @a选集@x中国 |
| 690 | @aZ429.6 | |
| 701 | 0 | @a吴世昌@4著@Awu shi chang |
| 801 | 0 | @aCN@b深圳图书馆@c20040513 |
| 801 | 2 | @aCN@bNLC@c20040513 |
| 905 | @f2@b217988-989@dZ429.6@e15:1 | |
| 罗音室学术论著.第一卷/吴世昌著:文史杂著.-北京:中国文艺联合出版公司,1984 |
| 566页;20cm |
| ISBN (精装):CNY5.20 |
| ● |
| 相关链接 |
|
|
|
|
正题名:罗音室学术论著
索取号:Z429.6/15:1
 
预约/预借
| 序号 | 登录号 | 条形码 | 馆藏地/架位号 | 状态 | 备注 |
| 1 | 0217988 | 001316579 | 密集书库/ [索取号:Z429.6/15:1] | 在馆 | |
| 2 | 0217989 | 001316533 | 第三借阅区/ [索取号:Z429.6/15:1] | 在馆 | |
| 3 | 0217990 | 001316490 | 第二样本阅览室/ [索取号:Z429.6/15:1] | 在馆 |